| 000 | 00000nam##2200000za#4500 |
| 001 | 9.571299 |
| 003 | CaOODSP |
| 005 | 20210624182646 |
| 007 | cr ||||||||||| |
| 008 | 150406|1998||||xxc|||||o f|0| 0 eng|d |
| 040 | |aCaOODSP|beng |
| 043 | |an-cn--- |
| 086 | 1 |aTU3-5/98-19E-PDF |
| 110 | 2 |aTransportation Safety Board of Canada. |
| 245 | 10|aLoss of directional control, Highland Helicopters Ltd., Bell 206B JetRanger II (Helicopter) C-GHHT, Whitecourt, Alberta 30 nm N, 07 May 1998 |h[electronic resource] |
| 260 | |aGatineau - Quebec : |bTransportation Safety Board of Canada |c[1999]. |
| 300 | |a6p.|bfig. |
| 490 | 1 |aAviation investigation report |vA98W0086 |
| 590 | |a12-01-Supp|b2012-01-13 |
| 775 | 08|tPerte de maîtrise en direction -Highland Helicopters Ltd., Bell 206B JetRanger II (hélicoptère) C-GHHT, 30 nm au nord de Whitecourt (Alberta), 7 mai 1998 |w(CaOODSP)9.601915 |
| 830 | #0|aAviation investigation report ;|vA98W0086|w(CaOODSP)9.504825 |
| 856 | 40|ahttp://publications.gc.ca|qPDF|s123 KB|uhttps://publications.gc.ca/collections/collection_2011/bst-tsb/TU3-5-98-19-eng.pdf|yA98W0086 |